00515cam a22001692 4500001001100000005001700011008004100028020001500069040001500084245007200099250001200171260005800183300001600241650004900257700003600306852000300342000002035520151217161200.0110913s xx 000 0 eng d a0199568024 aKABUcKABU10aLittle Oxford dictionary of proverbs /cedited byElizabeth Knowles. a1st ed. aOxford ;aNew York :bOxford University Press,c2009. axii, 500 p. 0aProverbs, EnglishxDictionaries.@00001805601 aKnowles, Elizabeth.@00001804861